[Event "7. Lichtenberger Sommer"]
[Site "Berlin"]
[Date "2008.08.21"]
[Round "6.49"]
[White "Lerch, Philipp"]
[Black "Kapp, Stefan"]
[Result "1-0"]
[WhiteElo "1819"]
[BlackElo "2093"]
[PlyCount "93"]
[EventDate "2008.??.??"]
[WhiteTeam "TuS Makkabi Berlin e.V."]
[BlackTeam "TSV IFA Chemnitz"]

1. e4 e6 2. d4 d5 3. e5 c5 4. c3 Nc6 5. Nf3 cxd4 6. cxd4 Bb4+ 7. Nc3 Nge7 8. a3
Ba5 9. Bd3 Bxc3+ 10. bxc3 h6 11. O-O Bd7 12. Rb1 Qc7 13. Bd2 f6 14. Re1 f5 15.
Qc2 g5 16. Rec1 O-O-O 17. Qb2 Kb8 18. Ne1 Na5 19. c4 Nxc4 20. Bxc4 dxc4 21.
Rxc4 Bc6 22. Bb4 Nc8 23. Nd3 Qd7 24. Nc5 Qf7 25. Na6+ Ka8 26. Ba5 Nb6 27. Bxb6
axb6 28. Qxb6 Rc8 29. Nc5 Rhe8 30. Qa5+ Kb8 31. Na6+ Ka8 32. Nc7+ Kb8 33. Nxe8
Qxe8 34. Qb6 Qd7 35. Qc5 Rd8 36. a4 Rc8 37. a5 Bd5 38. Qxc8+ Qxc8 39. Rxc8+
Kxc8 40. Rb6 Kd7 41. Rd6+ Ke7 42. Rxd5 exd5 43. Kf1 g4 44. Ke2 f4 45. f3 h5 46.
fxg4 hxg4 47. h3 1-0

[Event "7. Lichtenberger Sommer"]
[Site "Berlin"]
[Date "2008.08.21"]
[Round "6.50"]
[White "Kropman, Alexei"]
[Black "Rührmund, Daniel"]
[Result "1-0"]
[WhiteElo "1938"]
[BlackElo "1823"]
[PlyCount "65"]
[EventDate "2008.??.??"]
[WhiteTeam "TuS Makkabi Berlin e.V."]
[BlackTeam "SC Einheit Bautzen"]

1. e4 c5 2. Nc3 Nc6 3. f4 g6 4. Nf3 Bg7 5. Bc4 d6 6. O-O e6 7. d3 Nge7 8. Qe1
O-O 9. Qh4 Nd4 10. f5 Nxf3+ 11. Rxf3 f6 12. fxe6 g5 13. Qh5 Qe8 14. Qxe8 Rxe8
15. Nb5 Rd8 16. Nc7 Rb8 17. a4 Kh8 18. Nd5 Nxd5 19. exd5 Kg8 20. Bb5 Kf8 21.
Bxg5 Ke7 22. Raf1 Rf8 23. Bh4 a6 24. Bc4 b5 25. axb5 axb5 26. Bb3 Bb7 27. Rg3
Bh8 28. Rf5 Rg8 29. Rh5 Rxg3 30. Bxg3 Rg8 31. Rxh7+ Bg7 32. Bf4 Ke8 33. Bxd6
1-0

[Event "7. Lichtenberger Sommer"]
[Site "Berlin"]
[Date "2008.08.21"]
[Round "6.51"]
[White "Alihodzic, Ahmo"]
[Black "Bandsom, Olaf"]
[Result "1-0"]
[WhiteElo "1954"]
[BlackElo "1774"]
[PlyCount "79"]
[EventDate "2008.??.??"]
[BlackTeam "SC Friesen Lichtenberg e.V."]

1. e4 e5 2. Nf3 Nc6 3. d4 exd4 4. Nxd4 d6 5. Bb5 Bd7 6. Nb3 Ne5 7. Be2 Bc6 8.
Nc3 Nf6 9. Qd4 Be7 10. f4 Ng6 11. Be3 Qd7 12. h3 b6 13. O-O-O O-O 14. g4 Ne8
15. h4 Bf6 16. e5 Nxe5 17. fxe5 Bxe5 18. Qc4 Bxh1 19. Rxh1 Qe6 20. Qd3 Nf6 21.
Nd4 Bxd4 22. Bxd4 Rae8 23. Qd1 Nd5 24. Bc4 Re7 25. Bxg7 Qe3+ 26. Kb1 Nxc3+ 27.
Bxc3 Qc5 28. Bd3 Rfe8 29. a3 Qe3 30. Bb5 Qh6 31. Bxe8 Rxe8 32. Qd4 Re5 33. Qc4
Rc5 34. Qe4 Qf8 35. Re1 d5 36. Qf4 Rc6 37. h5 f6 38. Qa4 Qd6 39. Bb4 Qd7 40.
Re7 1-0

[Event "7. Lichtenberger Sommer"]
[Site "Berlin"]
[Date "2008.08.21"]
[Round "6.52"]
[White "Kleine, Peter"]
[Black "Kornath, Heinrich"]
[Result "1-0"]
[WhiteElo "1903"]
[BlackElo "1970"]
[PlyCount "89"]
[EventDate "2008.??.??"]
[WhiteTeam "SV Berlin-Friedrichstadt"]
[BlackTeam "SC Friesen Lichtenberg e.V."]

1. c4 Nf6 2. d4 c5 3. d5 e6 4. dxe6 fxe6 5. Nc3 Nc6 6. g3 a6 7. Bg2 Be7 8. Nf3
O-O 9. O-O d5 10. cxd5 exd5 11. e3 Bf5 12. a3 Qd7 13. Nh4 Be6 14. Qc2 g5 15.
Nf3 Bf5 16. Qe2 Bg4 17. Qc2 h6 18. Nd2 Rad8 19. Qg6+ Kh8 20. Qxh6+ Kg8 21.
Qxg5+ Kf7 22. Qf4 Be6 23. Nf3 Ke8 24. Ne5 Nxe5 25. Qxe5 Bd6 26. Qg5 Qf7 27. e4
Rg8 28. Qd2 d4 29. Ne2 Bc4 30. Re1 Kd7 31. Nf4 Ng4 32. h3 Ne5 33. b4 b6 34.
bxc5 Bxc5 35. Bb2 Kc6 36. Rac1 Rd6 37. Nd5 b5 38. Bxd4 Nd3 39. Bxc5 Nxe1 40.
Bxd6 Nxg2 41. Ne7+ Kb7 42. Nxg8 Nh4 43. gxh4 Qxg8+ 44. Bg3 Qe6 45. Kh2 1-0

[Event "7. Lichtenberger Sommer"]
[Site "Berlin"]
[Date "2008.08.21"]
[Round "6.53"]
[White "Kohlmeyer, Dagobert"]
[Black "Kujawa, Werner"]
[Result "1-0"]
[WhiteElo "2002"]
[BlackElo "1848"]
[PlyCount "97"]
[EventDate "2008.??.??"]
[WhiteTeam "SC Rochade e.V."]
[BlackTeam "SV Motor Wildau e.V."]

1. e4 e6 2. d4 d5 3. Nc3 Nf6 4. Bg5 Be7 5. e5 Nfd7 6. h4 h6 7. Bxe7 Qxe7 8. Qg4
Kf8 9. Bd3 a6 10. Nge2 c5 11. Ng3 cxd4 12. Qxd4 Nc6 13. Qf4 Ndxe5 14. O-O-O Qb4
15. Qxb4+ Nxb4 16. Be2 b5 17. f4 Nc4 18. a3 Nc6 19. Bxc4 bxc4 20. Nge2 Ke7 21.
f5 Rd8 22. Nd4 Bb7 23. fxe6 Nxd4 24. Rxd4 fxe6 25. Rg4 Kf8 26. Rf1+ Kg8 27. Rf6
h5 28. Rg5 d4 29. Nd1 d3 30. cxd3 cxd3 31. Kd2 Rd5 32. Rfg6 Rxg5 33. Rxg5 Be4
34. Nc3 Bf5 35. Rxh5 Rb8 36. b4 Rc8 37. Rg5 Rc4 38. g3 Kh7 39. g4 Rxg4 40. Rxg4
Bxg4 41. Kxd3 Kg6 42. Na4 Kh5 43. Nc5 Bh3 44. Ke3 Kxh4 45. Nxa6 Kg3 46. b5 g5
47. b6 Bg2 48. Nc5 g4 49. Ne4+ 1-0

[Event "7. Lichtenberger Sommer"]
[Site "Berlin"]
[Date "2008.08.21"]
[Round "6.54"]
[White "Hesselbarth, Karlheinz"]
[Black "Windolf, Mario"]
[Result "1/2-1/2"]
[WhiteElo "1857"]
[BlackElo "1839"]
[PlyCount "54"]
[EventDate "2008.??.??"]
[WhiteTeam "SC Zugzwang 95 e.V."]
[BlackTeam "1. Schachclub Anhalt"]

1. d4 Nf6 2. c4 g6 3. Nc3 Bg7 4. e4 d6 5. f3 O-O 6. Be3 Na6 7. Nge2 c5 8. d5
Nc7 9. Qd2 a6 10. g4 b5 11. Ng3 bxc4 12. Bxc4 e6 13. O-O-O exd5 14. exd5 Nb5
15. Nce2 Qb6 16. h4 Bxg4 17. fxg4 Nxg4 18. Nf1 Rfb8 19. Rh3 Nxe3 20. Rxe3 Na3
21. Bb3 c4 22. bxa3 cxb3 23. Rxb3 Qc5+ 24. Qc2 Bh6+ 25. Kb2 Bg7+ 26. Kc1 Bh6+
27. Kb2 Bg7+ 1/2-1/2

[Event "7. Lichtenberger Sommer"]
[Site "Berlin"]
[Date "2008.08.21"]
[Round "6.55"]
[White "Grillich, Alexander"]
[Black "Baumeister, Wolfgang"]
[Result "0-1"]
[WhiteElo "2032"]
[BlackElo "1806"]
[PlyCount "78"]
[EventDate "2008.??.??"]
[WhiteTeam "SC Rochade e.V."]
[BlackTeam "SC Kreuzberg e.V."]

1. Nf3 e6 2. e4 d5 3. exd5 exd5 4. d4 Nf6 5. Bd3 Nc6 6. O-O Bg4 7. c3 Qd7 8.
Qe1+ Be7 9. Ne5 Qe6 10. Nxg4 Nxg4 11. Qxe6 fxe6 12. Bf4 e5 13. dxe5 Ngxe5 14.
Bb5 O-O-O 15. Bxc6 Nxc6 16. Na3 Rhf8 17. Be3 d4 18. cxd4 Nxd4 19. Rfd1 Bxa3 20.
Bxd4 Rxd4 21. Rxd4 Bxb2 22. Rdd1 Bxa1 23. Rxa1 c5 24. g3 Kc7 25. Re1 Kd6 26.
Rd1+ Kc6 27. Kf1 Re8 28. f4 b5 29. Rc1 a5 30. Kf2 c4 31. a4 Kc5 32. axb5 Kxb5
33. Rb1+ Ka4 34. Ra1+ Kb4 35. Rb1+ Kc3 36. Rc1+ Kb3 37. Rb1+ Ka2 38. Rc1 Rc8
39. Ke3 Kb2 0-1

[Event "7. Lichtenberger Sommer"]
[Site "Berlin"]
[Date "2008.08.21"]
[Round "6.56"]
[White "Fiedler, Wolfgang"]
[Black "Penner, Markus"]
[Result "1-0"]
[WhiteElo "1992"]
[BlackElo "1423"]
[PlyCount "47"]
[EventDate "2008.??.??"]
[WhiteTeam "SG Narva Berlin e.V."]
[BlackTeam "SK Zehlendorf e.V."]

1. e4 e5 2. Nf3 Nf6 3. d4 exd4 4. Nxd4 Nc6 5. Nxc6 bxc6 6. Bd3 Bc5 7. O-O d6 8.
h3 O-O 9. Nc3 h6 10. Na4 Bb6 11. Nxb6 cxb6 12. b3 Re8 13. Re1 Bb7 14. Bb2 c5
15. Qf3 Re6 16. Re2 d5 17. e5 Nd7 18. Bf5 Re7 19. Qg4 d4 20. Rae1 Qc7 21. e6
Nf6 22. exf7+ Rxf7 23. Qg6 Rff8 24. Re7 1-0

[Event "7. Lichtenberger Sommer"]
[Site "Berlin"]
[Date "2008.08.21"]
[Round "6.58"]
[White "Rozov, Boris"]
[Black "Engelhardt, Erhard"]
[Result "1-0"]
[WhiteElo "2155"]
[BlackElo "1820"]
[PlyCount "111"]
[EventDate "2008.??.??"]
[WhiteTeam "SV Dresden-Leuben"]
[BlackTeam "SSV Rotation Berlin e.V."]

1. d4 e6 2. e4 d5 3. Nc3 Bb4 4. a3 Bxc3+ 5. bxc3 dxe4 6. Qg4 Nf6 7. Qxg7 Rg8 8.
Qh6 Rg6 9. Qd2 b6 10. Ne2 Bb7 11. Nf4 Rg8 12. Bb5+ Nbd7 13. Bb2 Qe7 14. O-O-O
O-O-O 15. Rhg1 Ne5 16. Qe2 Neg4 17. h3 Nh6 18. Ba6 Bxa6 19. Qxa6+ Kb8 20. Qb5
Nd5 21. Nxd5 exd5 22. c4 Qd6 23. cxd5 Qxd5 24. Qe2 Rge8 25. c4 Qg5+ 26. Kb1 Qf5
27. Qe3 Ng8 28. Ka1 c6 29. Rde1 Qd7 30. f3 exf3 31. Qxf3 Kb7 32. Rgf1 f6 33.
Qh5 Re6 34. Rxe6 Qxe6 35. Qxh7+ Rd7 36. Qf5 Qe7 37. h4 Rd6 38. h5 Nh6 39. Qf4
f5 40. Qf3 Kc7 41. Qg3 Kb7 42. Re1 Qd7 43. Qe5 Ng4 44. Qe7 Kc7 45. g3 Rh6 46.
Bc1 Rh7 47. Bf4+ Kb7 48. Qxd7+ Rxd7 49. h6 Rh7 50. Re6 a6 51. Rg6 a5 52. Kb2
Re7 53. Kc3 b5 54. c5 Rh7 55. Bg5 Nf2 56. Rg7+ 1-0

[Event "7. Lichtenberger Sommer"]
[Site "Berlin"]
[Date "2008.08.21"]
[Round "6.59"]
[White "Bergmann, Jens"]
[Black "Walter, Günter"]
[Result "1-0"]
[WhiteElo "1625"]
[BlackElo "2082"]
[PlyCount "73"]
[EventDate "2008.??.??"]
[WhiteTeam "SK Tempelhof 1931 e.V."]
[BlackTeam "TSG Oberschöneweide e.V."]

1. e4 e5 2. d4 exd4 3. Qxd4 Nf6 4. Nc3 Nc6 5. Qe3 Bb4 6. Bd2 O-O 7. O-O-O Re8
8. Qg3 d6 9. f3 Bd7 10. h4 Re5 11. Nge2 a6 12. Nf4 Ne7 13. Nd3 Rb5 14. Nxb5
Bxd2+ 15. Rxd2 axb5 16. a3 Ra4 17. h5 Qa8 18. e5 Rxa3 19. bxa3 Qxa3+ 20. Kd1
Nf5 21. Qf2 Nd5 22. Ke1 Nc3 23. Be2 Nb1 24. Rd1 Qc3+ 25. Kf1 Nd2+ 26. Kg1 Nc4
27. Kh2 Nfe3 28. Ra1 h6 29. Ra8+ Kh7 30. exd6 cxd6 31. Nf4 Bf5 32. Bd3 Qe5 33.
g3 Bxd3 34. cxd3 Nb6 35. Rb8 Nbd5 36. Nxd5 Nxd5 37. Rxb7 1-0

[Event "7. Lichtenberger Sommer"]
[Site "Berlin"]
[Date "2008.08.21"]
[Round "6.60"]
[White "Kopmann, Jens"]
[Black "Nekrasova, Kateryna"]
[Result "0-1"]
[WhiteElo "1967"]
[BlackElo "1788"]
[PlyCount "70"]
[EventDate "2008.??.??"]
[WhiteTeam "USV Potsdam e.V., Abt. Schach"]
[BlackTeam "SV Empor Berlin e.V."]

1. d4 d5 2. c4 e6 3. Nc3 f5 4. Nf3 Nf6 5. Bf4 c6 6. e3 Be7 7. Bd3 O-O 8. c5 Ne4
9. h4 Nd7 10. Qc2 h6 11. O-O-O b6 12. Rdg1 Kh8 13. g4 bxc5 14. gxf5 exf5 15.
dxc5 Bxc5 16. Ne5 Nxe5 17. Bxe5 Rf7 18. Nxe4 dxe4 19. Bxe4 fxe4 20. Qxc5 Qd5
21. Qd4 Qxd4 22. Bxd4 Bf5 23. Rg2 h5 24. b3 Bg4 25. Rhh2 Rd8 26. Rg1 Rd5 27.
Kb2 Rdf5 28. Rc1 Rc7 29. Rc4 Be2 30. Rc2 Bd3 31. Rc3 c5 32. b4 c4 33. Rg2 Rb7
34. a3 a5 35. Bc5 Rxc5 0-1

[Event "7. Lichtenberger Sommer"]
[Site "Berlin"]
[Date "2008.08.21"]
[Round "6.61"]
[White "Tong, Lukas Fabian Chuan"]
[Black "Ollek, Karl-Heinz"]
[Result "0-1"]
[WhiteElo "1798"]
[BlackElo "1861"]
[PlyCount "83"]
[EventDate "2008.??.??"]
[WhiteTeam "SV Empor Berlin e.V."]
[BlackTeam "SC Friesen Lichtenberg e.V."]

1. d4 Nf6 2. c4 c5 3. d5 e5 4. Nc3 d6 5. e4 Nbd7 6. Bd3 Be7 7. Nge2 O-O 8. O-O
a6 9. f3 Rb8 10. a3 Ne8 11. Be3 Nc7 12. a4 Nf6 13. Qd2 Bd7 14. Rfb1 a5 15. Nb5
Na6 16. Nec3 Nb4 17. Be2 h5 18. Rf1 Nh7 19. f4 Bxb5 20. Nxb5 exf4 21. Bxf4 g5
22. Be3 Nf6 23. Bxg5 Nxe4 24. Bxe7 Qxe7 25. Qf4 f5 26. Bxh5 Rf6 27. Bf3 Nd3 28.
Qe3 Nxb2 29. Bxe4 Qxe4 30. Qxe4 fxe4 31. Rxf6 Nxc4 32. Nxd6 Nb2 33. Ra2 Nd3 34.
Nxe4 b5 35. axb5 Rxb5 36. h3 c4 37. Ra4 Nb2 38. Nd6 Rc5 39. Ra1 Rxd5 40. Rc1
Rc5 41. Nxc4 a4 42. Ra6 0-1

[Event "7. Lichtenberger Sommer"]
[Site "Berlin"]
[Date "2008.08.21"]
[Round "6.62"]
[White "Körner, Helmut"]
[Black "Boeck, Rüdiger"]
[Result "1-0"]
[WhiteElo "1981"]
[BlackElo "1605"]
[PlyCount "61"]
[EventDate "2008.??.??"]
[WhiteTeam "Sfr.Nord-Ost Berlin"]
[BlackTeam "SC Weisse Dame Ulm e.V."]

1. b4 e5 2. Bb2 d6 3. e3 Nf6 4. c4 Bf5 5. Nf3 Nbd7 6. Nc3 g6 7. d4 Bg7 8. Be2
O-O 9. O-O exd4 10. Nxd4 Be6 11. Nxe6 fxe6 12. Qd2 Qe7 13. Bf3 c6 14. b5 Ne5
15. Be2 c5 16. a4 Rfd8 17. f4 Ned7 18. Bf3 Nb6 19. Qe2 d5 20. cxd5 exd5 21.
Rad1 Nc4 22. Nxd5 Nxd5 23. Bxd5+ Rxd5 24. Qxc4 Qxe3+ 25. Kh1 Bxb2 26. Rxd5 Kh8
27. Rxc5 Rf8 28. Rc8 Qe7 29. Rc7 Qa3 30. Rxb7 Bd4 31. Qc7 1-0

[Event "7. Lichtenberger Sommer"]
[Site "Berlin"]
[Date "2008.08.21"]
[Round "6.63"]
[White "Völker, Thomas"]
[Black "Kasper, Peter"]
[Result "1/2-1/2"]
[WhiteElo "1766"]
[BlackElo "1587"]
[PlyCount "102"]
[EventDate "2008.??.??"]
[WhiteTeam "SF Friedrichshagen"]
[BlackTeam "SG Eckturm"]

1. Nf3 d5 2. d4 e6 3. c4 Nf6 4. Nc3 Be7 5. Bg5 Nbd7 6. e3 h6 7. Bh4 a6 8. Qc2
O-O 9. Rd1 dxc4 10. Bxc4 b5 11. Bd3 Bb7 12. O-O Rc8 13. Qe2 Nd5 14. Bxe7 Qxe7
15. Nxd5 Bxd5 16. e4 Bb7 17. a4 c6 18. e5 Nb8 19. Qe4 f5 20. exf6 Qxf6 21. Ne5
Qf5 22. Qe3 Qf4 23. Qh3 Qf6 24. Rde1 c5 25. axb5 axb5 26. Bxb5 cxd4 27. Bd3 Rc5
28. Ng4 Qf7 29. Re5 Rxe5 30. Nxe5 Qf6 31. Ng4 Qg5 32. Bc4 Bd5 33. Bxd5 Qxd5 34.
Qg3 Qg5 35. f4 Qg6 36. Ne5 Qxg3 37. hxg3 Rd8 38. Rd1 Kf8 39. Kf2 Ke7 40. Kf3
Rd5 41. Ke4 Rb5 42. Rd2 Rb4 43. Rc2 g5 44. Nd3 Rb6 45. Kxd4 Rd6+ 46. Ke3 Nc6
47. Ne5 Nxe5 48. fxe5 Rb6 49. Kf3 Kf7 50. Rd2 Rb4 51. g4 Rf4+ 1/2-1/2

[Event "7. Lichtenberger Sommer"]
[Site "Berlin"]
[Date "2008.08.21"]
[Round "6.64"]
[White "Knauft, Marcel"]
[Black "Schmalzried, Volker"]
[Result "1/2-1/2"]
[WhiteElo "1571"]
[BlackElo "1758"]
[PlyCount "90"]
[EventDate "2008.??.??"]
[WhiteTeam "SK 1929 Mainaschaff"]
[BlackTeam "Umweltbundesamt"]

1. e4 g6 2. d4 Bg7 3. Nf3 c5 4. Be3 cxd4 5. Nxd4 Nc6 6. Bc4 Nf6 7. Nc3 O-O 8.
f3 d6 9. Qd2 Nxd4 10. Bxd4 a6 11. O-O-O Qc7 12. Bd5 Bd7 13. Qe3 Bc6 14. Rhe1 b5
15. Bxc6 Qxc6 16. e5 dxe5 17. Qxe5 b4 18. Nd5 Qxd5 19. Qxd5 Nxd5 20. Bxg7 Kxg7
21. Rxd5 e6 22. Rd7 Rfd8 23. Re7 Kf6 24. Rb7 a5 25. Re4 g5 26. Rb5 Rd6 27. b3
Rc6 28. Rc4 Rxc4 29. bxc4 h5 30. h4 gxh4 31. Rxh5 Rg8 32. Rxh4 Rxg2 33. Rf4+
Ke7 34. c5 f5 35. Rd4 Rg3 36. Rd3 Rg8 37. a3 Rc8 38. axb4 axb4 39. Rb3 Rxc5 40.
Rxb4 Kd6 41. Kd2 Kd5 42. Kd3 e5 43. Ra4 e4+ 44. fxe4+ fxe4+ 45. Rxe4 Rxc2
1/2-1/2

[Event "7. Lichtenberger Sommer"]
[Site "Berlin"]
[Date "2008.08.21"]
[Round "6.65"]
[White "Dauer, Carolin"]
[Black "Karunaharamoorthy, Achudhan"]
[Result "1-0"]
[WhiteElo "1594"]
[BlackElo "1869"]
[PlyCount "61"]
[EventDate "2008.??.??"]
[WhiteTeam "Spgem Kötz/Ichenhausen"]
[BlackTeam "SC Kreuzberg e.V."]

1. e4 c5 2. Nc3 Nc6 3. g3 g6 4. Bg2 Bg7 5. d3 d6 6. f4 Nf6 7. Nf3 O-O 8. O-O
Rb8 9. h3 b5 10. g4 b4 11. Ne2 a5 12. Ng3 Ba6 13. f5 Nd7 14. Rb1 Nde5 15. Nxe5
Bxe5 16. Ne2 Qc7 17. Bh6 Rfe8 18. fxg6 hxg6 19. Nf4 c4 20. Nd5 Qa7+ 21. Be3 Bd4
22. Re1 cxd3 23. cxd3 Ne5 24. Bf1 Rbc8 25. Kg2 Kg7 26. Bf4 e6 27. Ne3 Re7 28.
Nc2 Rec7 29. Nxd4 Qxd4 30. Be3 Rc2+ 31. Kh1 1-0

[Event "7. Lichtenberger Sommer"]
[Site "Berlin"]
[Date "2008.08.21"]
[Round "6.66"]
[White "Fischer, Anke"]
[Black "Schneider, Eckehard"]
[Result "1-0"]
[WhiteElo "1835"]
[BlackElo "1802"]
[PlyCount "87"]
[EventDate "2008.??.??"]
[WhiteTeam "SG Lasker Steglitz-Wilmersdorf"]
[BlackTeam "Sfrd. Berlin 1903 e.V."]

1. e4 e6 2. d4 d5 3. Nd2 Nf6 4. e5 Nfd7 5. Bd3 c5 6. c3 Nc6 7. Ne2 cxd4 8. cxd4
Be7 9. O-O O-O 10. Nf3 f6 11. exf6 Nxf6 12. h3 Qc7 13. Be3 e5 14. dxe5 Nxe5 15.
Nxe5 Qxe5 16. Qb3 Kh8 17. Bf4 Qh5 18. Ng3 Qf7 19. Rac1 Ne4 20. Bxe4 dxe4 21.
Qxf7 Rxf7 22. Be5 Bg5 23. Rcd1 Bf5 24. Bd4 Bg6 25. Rfe1 Re8 26. Bxa7 Ra8 27.
Bd4 Rd8 28. Be3 Rxd1 29. Rxd1 Bf6 30. b3 h5 31. Ne2 Rc7 32. Rc1 Rd7 33. Nf4 Bf7
34. Kf1 Kh7 35. Ke1 g5 36. Ne2 Kg6 37. Ng3 Re7 38. Rc5 Be8 39. b4 Bf7 40. a4 b6
41. Rc6 h4 42. Bd4 hxg3 43. Rxf6+ Kh5 44. fxg3 1-0

[Event "7. Lichtenberger Sommer"]
[Site "Berlin"]
[Date "2008.08.21"]
[Round "6.67"]
[White "Wendland, Frank"]
[Black "Mildenberger, Hans"]
[Result "1/2-1/2"]
[WhiteElo "1736"]
[BlackElo "1565"]
[PlyCount "40"]
[EventDate "2008.??.??"]
[WhiteTeam "Treptower SV 1949 e.V."]
[BlackTeam "BVG Helmholtz"]

1. e4 e6 2. d4 d5 3. Nc3 Bb4 4. e5 Ne7 5. a3 Bxc3+ 6. bxc3 O-O 7. Bd3 Nd7 8.
Qh5 Ng6 9. Nf3 Re8 10. Bg5 f6 11. Bh4 Ndf8 12. exf6 gxf6 13. O-O Nxh4 14. Qxh4
Qe7 15. Rfe1 Ng6 16. Qg3 Qg7 17. Re3 c5 18. Bb5 Bd7 19. a4 a6 20. Bxd7 Qxd7
1/2-1/2

[Event "7. Lichtenberger Sommer"]
[Site "Berlin"]
[Date "2008.08.21"]
[Round "6.68"]
[White "Pews, Kristine"]
[Black "Casny, Guenter"]
[Result "0-1"]
[WhiteElo "1757"]
[BlackElo "1903"]
[PlyCount "244"]
[EventDate "2008.??.??"]
[WhiteTeam "USC Viadrina Frankfurt (Oder) e."]
[BlackTeam "SC Rochade e.V."]

1. Nf3 c5 2. g3 g6 3. Bg2 Bg7 4. O-O Nc6 5. d3 d6 6. e4 Bg4 7. h3 Bxf3 8. Bxf3
Qb6 9. c3 Nf6 10. Nd2 Ne5 11. Be2 Rd8 12. f4 Nxd3 13. Nc4 Nxc1 14. Nxb6 Nxe2+
15. Qxe2 axb6 16. a4 O-O 17. a5 bxa5 18. Rxa5 Rc8 19. Rfa1 d5 20. e5 Ne4 21. g4
e6 22. Ra7 c4 23. g5 Nc5 24. Qe3 Rfd8 25. R1a5 Bf8 26. Kg2 Nb3 27. Qf3 Nxa5 28.
Rxa5 Bc5 29. Ra1 Ra8 30. Qd1 b5 31. Qb1 b4 32. cxb4 Bxb4 33. Ra2 d4 34. Rxa8
Rxa8 35. Qd1 d3 36. Kf1 c3 37. bxc3 Bxc3 38. Qxd3 Bb4 39. Qc4 Ra1+ 40. Kg2 Bf8
41. Kf3 Rb1 42. Qc2 Rf1+ 43. Kg3 Rg1+ 44. Kh2 Rf1 45. Qc4 Rd1 46. h4 Kg7 47.
Qe2 Rd4 48. Kg3 Ra4 49. Qd2 Ra1 50. Kf3 Ra3+ 51. Ke4 Rh3 52. Qe1 Be7 53. Qe2
Bf8 54. Qf1 Rxh4 55. Kd3 Rh2 56. Kc4 Ra2 57. Kb5 Rc2 58. Qd3 Rc5+ 59. Kb6 Rd5
60. Qf3 Kg8 61. Kc6 h6 62. gxh6 Bxh6 63. Qe3 Rd1 64. Qf2 Rc1+ 65. Kb5 Rb1+ 66.
Kc4 Bf8 67. Kd3 Rd1+ 68. Ke4 Rb1 69. Kf3 Bh6 70. Qd2 Rf1+ 71. Kg2 Rxf4 72. Qd8+
Bf8 73. Kg3 Rf5 74. Qb8 Kg7 75. Kg4 Bc5 76. Qb2 Be3 77. Qc2 Bf4 78. Kh3 Bxe5
79. Kg2 g5 80. Qe2 Bf6 81. Kh3 Rf4 82. Kg3 Rh4 83. Qe1 e5 84. Kg2 e4 85. Qe2
Be5 86. Qb5 Bf6 87. Qe2 Rf4 88. Kg1 Kg6 89. Kg2 Be5 90. Qa6+ f6 91. Qc8 Rh4 92.
Qg8+ Kf5 93. Qc8+ Kf4 94. Qc1+ Kg4 95. Qd1+ Kf5 96. Qd7+ Kg6 97. Qe8+ Kh6 98.
Qh8+ Kg6 99. Qe8+ Kf5 100. Qc8+ Kf4 101. Qc1+ e3 102. Qc4+ Kf5 103. Qd3+ Re4
104. Qd7+ Kf4 105. Qh3 Bd4 106. Qg3+ Kf5 107. Qh3+ Ke5 108. Qd7 Rf4 109. Qe7+
Kd5 110. Qd7+ Kc4 111. Qc6+ Kd3 112. Qb5+ Kd2 113. Qa5+ Bc3 114. Qa2+ Kd3 115.
Qa6+ Rc4 116. Qd6+ Bd4 117. Qa3+ Rc3 118. Qa6+ Kd2 119. Qa2+ Rc2 120. Qd5 Kc1+
121. Kh3 e2 122. Qa5 Rc3+ 0-1

[Event "7. Lichtenberger Sommer"]
[Site "Berlin"]
[Date "2008.08.21"]
[Round "6.69"]
[White "Mohr, Horst"]
[Black "Wege, Hermann"]
[Result "1-0"]
[WhiteElo "1538"]
[BlackElo "1980"]
[PlyCount "98"]
[EventDate "2008.??.??"]
[WhiteTeam "SC Caissa Falkensee e.V."]
[BlackTeam "Schachclub Rathenow e.V."]

1. d4 d5 2. Nf3 Nf6 3. Bf4 Nbd7 4. e3 Nh5 5. Bg5 h6 6. Bh4 g5 7. Bg3 Nxg3 8.
hxg3 Bg7 9. c4 c6 10. Nc3 e6 11. Rc1 O-O 12. cxd5 exd5 13. Bd3 f5 14. Kf1 Nf6
15. Nh2 Qd6 16. Kg1 Bd7 17. f4 g4 18. a3 b5 19. Qc2 Ne8 20. Nf1 Qg6 21. Nd2 Nd6
22. Qb3 Rfb8 23. Qc2 Nc4 24. Kf2 Re8 25. Bxc4 dxc4 26. b3 Qe6 27. Rhe1 Bf8 28.
bxc4 bxc4 29. Ra1 Qf7 30. Qa4 c5 31. Qxc4 cxd4 32. Qxd4 Bg7 33. Qd3 Rac8 34.
Rac1 Red8 35. Ndb1 Bc6 36. Qe2 Qb7 37. Kg1 Qb3 38. Nd2 Qxa3 39. Ncb1 Qa2 40.
Kh2 a6 41. Red1 Bb5 42. Qe1 Rc2 43. Rxc2 Qxc2 44. Rc1 Qb2 45. e4 Bd3 46. exf5
Bxf5 47. Nc4 Rc8 48. Nxb2 Rb8 49. Nc4 Bd3 1-0

[Event "7. Lichtenberger Sommer"]
[Site "Berlin"]
[Date "2008.08.21"]
[Round "6.70"]
[White "Dietzel, Uwe"]
[Black "Fuchs, Jörg"]
[Result "0-1"]
[WhiteElo "1532"]
[BlackElo "1914"]
[PlyCount "116"]
[EventDate "2008.??.??"]
[WhiteTeam "TSV Lichtentanne SAbt"]
[BlackTeam "SC Kreuzberg e.V."]

1. e3 d5 2. f4 Nf6 3. Nf3 c6 4. b3 Bg4 5. Be2 Nbd7 6. Bb2 e6 7. Ne5 Bxe2 8.
Qxe2 Bd6 9. O-O Qc7 10. d4 Ne4 11. Nxd7 Qxd7 12. Nd2 Nxd2 13. Qxd2 h5 14. Qd3
g6 15. c4 h4 16. Rf3 O-O-O 17. c5 Bb8 18. b4 Rdg8 19. Bc3 g5 20. a4 gxf4 21.
exf4 Rg4 22. Bd2 Rhg8 23. Rf2 f5 24. Be3 Qg7 25. Raa2 h3 26. g3 Rxg3+ 27. hxg3
Qxg3+ 28. Kf1 Qg1+ 29. Ke2 h2 30. Rxh2 Qxh2+ 31. Bf2 Bxf4 32. Ra1 Bg3 33. Rf1
Bxf2 34. Rxf2 Rg2 35. Rxg2 Qxg2+ 36. Kd1 Qe4 37. Qd2 Qf3+ 38. Kc2 Qe4+ 39. Kd1
f4 40. a5 Qh1+ 41. Kc2 f3 42. Qf4 Qh7+ 43. Kd2 Qf5 44. Qh6 a6 45. Qh8+ Kc7 46.
Qg7+ Kb8 47. Qh8+ Ka7 48. Qd8 Qf4+ 49. Kd3 Qe4+ 50. Kc3 Qe1+ 51. Kb3 Qd1+ 52.
Kc3 Qc1+ 53. Kb3 Qc4+ 54. Ka3 Qc3+ 55. Ka4 Qc2+ 56. Ka3 Qd3+ 57. Ka2 Qb5 58.
Ka3 f2 0-1

[Event "7. Lichtenberger Sommer"]
[Site "Berlin"]
[Date "2008.08.21"]
[Round "6.71"]
[White "Krusemark, Gerhard"]
[Black "Reinacher, Detlev"]
[Result "1/2-1/2"]
[WhiteElo "1705"]
[BlackElo "1558"]
[PlyCount "105"]
[EventDate "2008.??.??"]
[WhiteTeam "TSG Rot-Weiß Fredersdorf/Vogelsd"]
[BlackTeam "Schachclub Hansa Dortmund e.V."]

1. e4 d6 2. d4 g6 3. Nc3 Bg7 4. Be3 Nf6 5. Bc4 c6 6. a3 b5 7. Ba2 Nbd7 8. Nf3
Qc7 9. h3 Bb7 10. O-O a6 11. Qd2 O-O 12. Rfe1 Rad8 13. Bh6 c5 14. Bxg7 Kxg7 15.
e5 dxe5 16. dxc5 Nxc5 17. Qe3 Nfe4 18. Nxe5 Nxc3 19. bxc3 Ne4 20. Ng4 f5 21.
Qh6+ Kh8 22. Ne3 Nxc3 23. Bb3 f4 24. Ng4 Rf5 25. Qh4 Ne4 26. Nh6 Rh5 27. Nf7+
Kg7 28. Qg4 Rf8 29. Qe6 Qc5 30. Rxe4 Bxe4 31. Qxe4 Rxf7 32. Bxf7 Kxf7 33. Re1
Rf5 34. Qe6+ Kf8 35. Rd1 Re5 36. Rd8+ Kg7 37. Qg8+ Kh6 38. Qf8+ Kg5 39. Rd2
Qxa3 40. Kh2 Qc3 41. h4+ Kh5 42. Qxf4 g5 43. hxg5 Rxg5 44. g4+ Kg6 45. Qe4+ Kh6
46. Rd3 Qc7+ 47. Kg1 Qc5 48. Rh3+ Kg7 49. Qxh7+ Kf8 50. Rf3+ Ke8 51. Qf7+ Kd7
52. Rd3+ Kc7 53. Qf3 1/2-1/2

[Event "7. Lichtenberger Sommer"]
[Site "Berlin"]
[Date "2008.08.21"]
[Round "6.72"]
[White "Kießling, Beate"]
[Black "Sampels, Michael"]
[Result "1/2-1/2"]
[WhiteElo "1692"]
[BlackElo "1745"]
[PlyCount "114"]
[EventDate "2008.??.??"]
[WhiteTeam "Queer-Springer SSV Berlin"]
[BlackTeam "SC EPA"]

1. d4 f5 2. Bg5 g6 3. e3 Bg7 4. c3 Nh6 5. Bd3 Nf7 6. Bh4 d5 7. Nf3 O-O 8. Qc2
Qe8 9. Nbd2 e5 10. dxe5 Nxe5 11. Nxe5 Qxe5 12. Nf3 Qe8 13. Qb3 c6 14. O-O-O Nd7
15. Qc2 Nc5 16. Be2 h6 17. Bg3 Ne4 18. Bd3 Nxg3 19. hxg3 c5 20. g4 c4 21. Bf1
fxg4 22. Nd4 g3 23. Nf3 gxf2 24. Qxf2 Qc6 25. Qg3 Qe6 26. Nd4 Bxd4 27. Rxd4 Kg7
28. Be2 Rf6 29. Kd2 Bd7 30. Qc7 Qc6 31. Qe5 Raf8 32. Bf3 Qe6 33. Qh2 Rh8 34.
Qc7 Qc6 35. Qe5 Qe6 36. Qxd5 Bc6 37. Qxe6 Rxe6 38. Rg1 Bxf3 39. Rd7+ Kf6 40.
gxf3 Re7 41. Rd6+ Re6 42. Rd7 Re7 43. Rd4 b5 44. e4 Rhh7 45. Ke3 Rd7 46. Rgd1
Rxd4 47. Rxd4 Ke6 48. Kf4 Rf7+ 49. Kg4 Rd7 50. Rxd7 Kxd7 51. f4 Ke6 52. Kh4 a6
53. Kg4 a5 54. a3 Kf6 55. Kf3 Ke6 56. Kg4 Kf6 57. Kf3 Ke6 1/2-1/2